Nonviolent communication : (Record no. 90120)

MARC details
000 -LEADER
fixed length control field 00612nam a22001937a 4500
005 - DATE AND TIME OF LATEST TRANSACTION
control field 20141128120545.0
010 ## - LCCN (DPL NO)
LC control number ENG-111272
020 ## - INTERNATIONAL STANDARD BOOK NUMBER
International Standard Book Number 9789382400141
Terms of availability 200.00
035 ## - SYSTEM CONTROL NUMBER
System control number EN-94804
037 ## - SOURCE OF ACQUISITION
Source of stock number/acquisition DBAD/PUB
082 ## - DEWEY DECIMAL CLASSIFICATION NUMBER
Classification number 153.6
100 ## - MAIN ENTRY--PERSONAL NAME
Personal name Rosenberg, Marshall B.
245 ## - TITLE STATEMENT
Title Nonviolent communication :
Remainder of title a language of life /
Statement of responsibility, etc by Marshall B. Rosenberg
260 ## - PUBLICATION, DISTRIBUTION, ETC. (IMPRINT)
Place of publication, distribution, etc Indore
Name of publisher, distributor, etc Banyan Tree
Date of publication, distribution, etc 2014
270 ## - ADDRESS
Address 1-B Dhenu Market, 2nd Floor
City Indore
Postal code 452003
300 ## - PHYSICAL DESCRIPTION
Extent xviii, 213p.
Dimensions 23cm(pbk)
500 ## - GENERAL NOTE
General note Includes bibliographical references and index
942 ## - ADDED ENTRY ELEMENTS (KOHA)
Source of classification or shelving scheme Dewey Decimal Classification
Item type English Books
Call number suffix ROS
Classification part 153.6
Holdings
Withdrawn status Lost status Not for loan Collection code Home library Current library Date acquired Source of acquisition Cost, normal purchase price Full call number Barcode Copy number Cost, replacement price Koha item type
    Not For Loan Non-fiction D.B.Act.Division D.B.Act.Division 18/11/2014 DBAD/PUB 200.00 153.6 ROS EN-94804 1 200.00 English Books

© Delhi Public Library
Hit Counter
free hit counter